000
00331nam a2200133Ia 4500
008
240624s9999 xx 000 0 und d
041
_a
eng
082
_a
658.82 BOO
100
_a
BOOHER
245
_a
WINNING SALES LETTERS
260
_c
2008
_a
New Delhi
_b
Prentice-Hall of India
300
_a
333 : p. : cm. ; 24
365
_c
RS
_b
36
999
_c
10495
_d
10495